Statistics for AFC Ajax Legends

Click here to take the quiz!

General Stats

  • This quiz has been taken 91 times
  • The average score is 15 of 24

Answer Stats

Answer% Correct
Johan Cruyff
98%
Zlatan Ibrahimović
96%
Frank de Boer
93%
Edwin van der Sar
91%
Patrick Kluivert
91%
Matthijs de Ligt
89%
Dennis Bergkamp
88%
Wesley Sneijder
88%
Frank Rijkaard
82%
Marco van Basten
80%
Clarence Seedorf
74%
Jari Litmanen
71%
Edgar Davids
68%
Marc Overmars
67%
Rafael van der Vaart
67%
Danny Blind
63%
Maarten Stekelenburg
56%
John Heitinga
43%
Sjaak Swart
23%
Johan Neeskens
21%
Aron Winter
18%
Piet Keizer
12%
Ruud Krol
12%
Wim Suurbier
9%

Score Distribution

Percentile by Number Answered

Percent of People with Each Score

Your Score History

You have not taken this quiz